=LDR 00000nam 2200000 4500 =001 INLIS000000000010727 =005 20130612102339 =008 ***********************************Ind** =035 ##$$0010-061300000010727 =041 ##$$a Ind =082 ##$$a F.Rom.D =090 ##$$a F.Rom.D, Ali-p =100 ##$$a Ali, EM =245 ##$$a Peta yang retak, EM. Ali =260 ##$$a 2002 $b Yogyakarta =300 ##$$a 349 hlm., 21 cm =650 ##$$a Fiksi Dewasa-Indonesia =850 ##$$a NBPNMAT =990 ##$$a 17291729 =990 ##$$a 01201801729